| 000 | 00752nam a2200241Ia 4500 | ||
|---|---|---|---|
| 003 | OSt | ||
| 005 | 20220925205811.0 | ||
| 006 | a|||||r|||| 00| 0 | ||
| 007 | ta | ||
| 008 | 220923b |||||||| |||| 00| 0 eng d | ||
| 037 | _cGeneral Book | ||
| 040 |
_aRTL _cRTL _beng |
||
| 041 |
_2eng _aeng |
||
| 082 | _aX:89K33.225.N7, L2 | ||
| 100 | _aManzoor Alam S | ||
| 245 | 0 |
_aMetropolitan Hyderabad and its region _b A strategy |
|
| 260 |
_aHyderabad _bAsia Publishidng House India _c1975 |
||
| 300 |
_axxviii, 315p Appendix P 279-310 _ccm. |
||
| 650 | _aRegional Economics | ||
| 700 |
_a Waheeduddin Khan _9271052 |
||
| 942 |
_hX:89K33.225.N7, L2 _cGB _2CC |
||
| 999 |
_c553251 _d553251 |
||